Školské zvesti

Salvato in:
Dettagli Bibliografici
Natura: Periodico
Lingua:slovacco
Pubblicazione: Bratislava Povereníctvo školstva 1949
Tags: Aggiungi Tag
Nessun Tag, puoi essere il primo ad aggiungerne!!

MARC

LEADER 00000nas2a2200000 4500
001 0008078
005 20201208113510.8
041 0 |a slo 
044 |a SK 
245 1 0 |a Školské zvesti 
264 1 |a Bratislava  |b Povereníctvo školstva  |c 1949 
300 |a 1 zv. 
773 0 |w eu_un_cat*0008069